| 000 | 00469nam a22001697a 4500 | ||
|---|---|---|---|
| 005 | 20240719100023.0 | ||
| 008 | 240719b |||||||| |||| 00| 0 eng d | ||
| 020 | _a9788129710017 | ||
| 082 |
_a005.136 _bIRV-A |
||
| 100 | _aIrvine, Kip R. | ||
| 245 |
_aAssembly language for intel -Based computer / _cKip RIrvine |
||
| 260 |
_aindia: _bpearson; _c2004. |
||
| 300 |
_axiv, 738 p. : _bill; _c24 cm. |
||
| 500 | _ainclude index. | ||
| 650 | _aProgramming | ||
| 999 |
_c36145 _d36145 |
||